Tom Sawyer by Rush - Lyrics - Statistics

General Stats
  • This quiz has been taken 312 times
  • The average score is 123 of 187
Answer Stats
Answer % Correct
To
98%
to
98%
Tom
98%
Sawyer
97%
A
96%
a
96%
the
88%
- The
88%
The
88%
day
87%
mean
87%
is
86%
Today’s
85%
No,
84%
warrior
84%
you
82%
his
79%
His
79%
for
75%
modern
75%
not
75%
pride
75%
he
73%
He
73%
on
73%
rent
72%
mind
70%
stride
70%
and
69%
And
69%
as
68%
are
64%
say
64%
Don’t
62%
him
62%
down
61%
gets
61%
high
61%
Catch
60%
What
60%
what
60%
arrogant
59%
day’s
58%
put
58%
world
58%
about
56%
society
55%
by
54%
Though
54%
change
53%
company
53%
government
52%
life
51%
Love
51%
or
51%
permanent
50%
any
49%
events
49%
god
49%
out
48%
discontent
47%
river
47%
eyes
45%
of
45%
wide
45%
Maybe
44%
space
44%
spirit
44%
mystery
43%
quiet
43%
changes
41%
Exit
41%
invades
40%
- But
38%
drift
38%
Riding
38%
spit
38%
wit
36%
aren’t
35%
friction
35%
reserve,
35%
deep
34%
Always
33%
defence
33%
mist
33%
right
33%
myth
32%
skies
31%
knows
29%
energy
27%
hopeful,
27%
trade
25%
yet
25%
witness
18%
No matching quizzes found
Score Distribution
Percent of People with Each Score
Percentile by Number Answered
Your Score History
You have not taken this quiz